[Event "9. Open Club Ajedrez Ciudad los Angeles"]
[Site "Madrid ESP"]
[Date "2015.04.26"]
[Round "4.4"]
[White "Sainz Pino, Fernando"]
[Black "Fernandez Bonilla, M. Arcangel"]
[Result "0-1"]
[WhiteElo "1925"]
[BlackElo "1802"]
[PlyCount "77"]
[EventDate "2015.03.29"]
[EventType "swiss"]
[EventRounds "9"]
[EventCountry "ESP"]
[Source "lmi"]
[SourceDate "2015.03.29"]

1. e4 e5 2. Nf3 Nc6 3. d4 exd4 4. Nxd4 Nf6 5. Nxc6 bxc6 6. Qe2 Bb4+ 7. c3 Bc5
8. e5 Nd5 9. Qg4 g6 10. Bg5 Be7 11. Bh6 d6 12. Qc4 Bd7 13. exd6 cxd6 14. Bg7
Rg8 15. Bd4 Bf6 16. Be2 Bxd4 17. Qxd4 Qb6 18. Qd2 O-O-O 19. Na3 Be6 20. O-O Nf6
21. Nc4 Bxc4 22. Bxc4 d5 23. Bd3 h5 24. b4 Ne4 25. Bxe4 dxe4 26. Qf4 f5 27.
Rfd1 Rxd1+ 28. Rxd1 Rd8 29. Rd2 Rxd2 30. Qxd2 Qd8 31. Qxd8+ Kxd8 32. h4 Kd7 33.
Kf1 Kd6 34. Ke2 Kd5 35. g3 Kc4 36. Kd2 c5 37. a3 cxb4 38. axb4 Kb3 39. b5 0-1

[Event "9. Open Club Ajedrez Ciudad los Angeles"]
[Site "Madrid ESP"]
[Date "2015.04.26"]
[Round "4.5"]
[White "Lobato Rivero, Carlos"]
[Black "Bellod Thomas, Gonzalo"]
[Result "1-0"]
[WhiteElo "2030"]
[BlackElo "1709"]
[PlyCount "59"]
[EventDate "2015.03.29"]
[EventType "swiss"]
[EventRounds "9"]
[EventCountry "ESP"]
[Source "lmi"]
[SourceDate "2015.03.29"]

1. c4 e5 2. Nc3 Nc6 3. g3 g6 4. Bg2 Bg7 5. e3 d6 6. Nge2 f5 7. O-O Nf6 8. Qb3
h6 9. d4 g5 10. dxe5 dxe5 11. Rd1 Qe7 12. Nd5 Nxd5 13. cxd5 Nd8 14. Bd2 Nf7 15.
Rac1 Nd6 16. Qc2 Kd8 17. Bb4 h5 18. Rd3 e4 19. Rd2 h4 20. Qc5 hxg3 21. hxg3 Be5
22. Nd4 Qh7 23. Ne6+ Bxe6 24. dxe6 Qg7 25. Rd5 b6 26. Qc6 Rc8 27. Bxd6 Bxd6 28.
Rxd6+ cxd6 29. Qxd6+ Ke8 30. Rxc8# 1-0

[Event "9. Open Club Ajedrez Ciudad los Angeles"]
[Site "Madrid ESP"]
[Date "2015.04.26"]
[Round "4.6"]
[White "Tarrio Ocana, Jose Manuel"]
[Black "Garcia Martin, Javier"]
[Result "0-1"]
[WhiteElo "1840"]
[BlackElo "1701"]
[PlyCount "84"]
[EventDate "2015.03.29"]
[EventType "swiss"]
[EventRounds "9"]
[EventCountry "ESP"]
[Source "lmi"]
[SourceDate "2015.03.29"]

1. e4 c5 2. Nc3 d6 3. Bb5+ Bd7 4. Bxd7+ Nxd7 5. f4 e6 6. Nf3 Ngf6 7. d3 Be7 8.
O-O O-O 9. h3 a6 10. a4 Qc7 11. Qe1 e5 12. fxe5 Nxe5 13. Nxe5 dxe5 14. Bg5 Qd6
15. Bxf6 Bxf6 16. Nd5 Bd8 17. Qg3 f5 18. c4 f4 19. Qg4 Rf7 20. Rf2 Be7 21. Raf1
Raf8 22. g3 fxg3 23. Rxf7 Rxf7 24. Nxe7+ Qxe7 25. Qc8+ Rf8 26. Rxf8+ Qxf8 27.
Qxf8+ Kxf8 28. Kg2 Kf7 29. Kxg3 Kf6 30. Kg4 Kg6 31. h4 h5+ 32. Kg3 Kf6 33. a5
g5 34. hxg5+ Kxg5 35. b3 h4+ 36. Kh3 Kh5 37. Kh2 Kg4 38. Kg2 h3+ 39. Kh2 Kh4
40. Kh1 Kg3 41. Kg1 h2+ 42. Kh1 Kh3 0-1

[Event "9. Open Club Ajedrez Ciudad los Angeles"]
[Site "Madrid ESP"]
[Date "2015.04.26"]
[Round "4.7"]
[White "Gines Martinez, Andres"]
[Black "Cuellar Gutierrez, Raul"]
[Result "1/2-1/2"]
[WhiteElo "1589"]
[BlackElo "1781"]
[PlyCount "118"]
[EventDate "2015.03.29"]
[EventType "swiss"]
[EventRounds "9"]
[EventCountry "ESP"]
[Source "lmi"]
[SourceDate "2015.03.29"]

1. Nf3 d5 2. g3 Nc6 3. Bg2 Bf5 4. d3 e5 5. Nbd2 Nf6 6. Nh4 Be6 7. e4 Qd7 8. O-O
O-O-O 9. Re1 h5 10. Nf1 dxe4 11. Bxe4 Nxe4 12. Rxe4 f5 13. Re1 Bd6 14. Bg5 Rde8
15. Nd2 f4 16. Ne4 fxg3 17. hxg3 Bg4 18. f3 Be6 19. c3 Rhg8 20. Qd2 Be7 21.
Bxe7 Qxe7 22. b4 g5 23. Ng2 Qg7 24. Qf2 Kb8 25. b5 Na5 26. Nc5 Bc8 27. Re2 g4
28. Nh4 gxf3 29. Re3 Qxg3+ 30. Qxg3 Rxg3+ 31. Kf2 Rg4 32. Nxf3 b6 33. Ne4 Rf8
34. Rg1 Bb7 35. Ke2 Rxg1 36. Nxg1 Rg8 37. Rg3 Bd5 38. Rxg8+ Bxg8 39. c4 Nb7 40.
Nf6 Bf7 41. Nd7+ Kc8 42. Nxe5 Be6 43. Ngf3 Nc5 44. d4 Ne4 45. Ke3 Nd6 46. d5
Bg4 47. Nh4 Nf5+ 48. Nxf5 Bxf5 49. Kf4 Bg4 50. Nxg4 hxg4 51. Kxg4 Kd7 52. Kf4
Kd6 53. Ke4 Kc5 54. Kd3 Kb4 55. Kd4 Ka5 56. Kc3 Ka4 57. Kd4 Kb4 58. Kd3 Ka4 59.
Kc3 Ka3 1/2-1/2

[Event "9. Open Club Ajedrez Ciudad los Angeles"]
[Site "Madrid ESP"]
[Date "2015.04.26"]
[Round "4.8"]
[White "Ballesteros Jimenez, Miguel A"]
[Black "Martinez De Navascues, Francis"]
[Result "1/2-1/2"]
[WhiteElo "1592"]
[BlackElo "1776"]
[PlyCount "92"]
[EventDate "2015.03.29"]
[EventType "swiss"]
[EventRounds "9"]
[EventCountry "ESP"]
[Source "lmi"]
[SourceDate "2015.03.29"]

1. e4 c5 2. Nc3 Nc6 3. f4 e6 4. Nf3 d5 5. exd5 exd5 6. Bb5 Nf6 7. Ne5 Bd7 8.
Qe2 Be7 9. Nxc6 bxc6 10. Ba4 O-O 11. O-O Re8 12. Qf3 Qa5 13. b3 d4 14. Nd1 Rac8
15. Nb2 Bg4 16. Qg3 Be2 17. Re1 Ne4 18. Nc4 Qxa4 19. bxa4 Nxg3 20. d3 Ne4 21.
Rxe2 Nc3 22. Re5 Nxa4 23. Rb1 Bf6 24. Rxe8+ Rxe8 25. Rb7 Nc3 26. Bd2 Nxa2 27.
Rxa7 Nb4 28. Bxb4 cxb4 29. Rc7 h6 30. Rxc6 Re1+ 31. Kf2 Rc1 32. Nd2 Kh7 33. Rc4
g5 34. Nb3 Rh1 35. Nxd4 Rxh2 36. Rxb4 g4 37. Kg3 Rh5 38. Kxg4 Rc5 39. g3 h5+
40. Kf3 Bxd4 41. Rxd4 Rxc2 42. f5 Kg7 43. Rd6 f6 44. d4 Rc1 45. d5 Rf1+ 46. Ke4
Re1+ 1/2-1/2

[Event "9. Open Club Ajedrez Ciudad los Angeles"]
[Site "Madrid ESP"]
[Date "2015.04.26"]
[Round "4.10"]
[White "Canseco Arenas, Alfonso"]
[Black "Huerto Moreno, Jorge"]
[Result "0-1"]
[WhiteElo "1752"]
[BlackElo "1572"]
[PlyCount "114"]
[EventDate "2015.03.29"]
[EventType "swiss"]
[EventRounds "9"]
[EventCountry "ESP"]
[Source "lmi"]
[SourceDate "2015.03.29"]

1. e4 e5 2. c4 Nf6 3. Nc3 Bb4 4. Nge2 Nc6 5. g3 d6 6. Bg2 Bg4 7. O-O Bxc3 8.
bxc3 Qd7 9. f3 Be6 10. d3 O-O-O 11. a4 Na5 12. Be3 b6 13. Nc1 Nc6 14. Nb3 a5
15. Nd2 Nh5 16. d4 exd4 17. cxd4 Nb4 18. f4 Bg4 19. Bf3 Bxf3 20. Qxf3 g6 21.
Rfc1 Kb8 22. c5 dxc5 23. dxc5 Nd3 24. c6 Qe7 25. Rc3 Nb4 26. Qe2 Nf6 27. Bxb6
Rxd2 28. Qb5 cxb6 29. Qxb6+ Ka8 30. Qxa5+ Qa7+ 31. Qxa7+ Kxa7 32. c7 Rc8 33.
Rb1 Na6 34. e5 Nd5 35. Rc6 Rxc7 36. Rd6 Rd3 37. Kf2 Ndb4 38. Ke2 Rxd6 39. exd6
Rd7 40. Rd1 Kb6 41. Ke3 f5 42. g4 fxg4 43. Ke4 Nc5+ 44. Ke5 Nbd3+ 45. Kd5 Nxf4+
46. Kc4 Kc6 47. a5 Rxd6 48. Rb1 Nd5 49. Ra1 Ne3+ 50. Kc3 Rd3+ 51. Kb2 Nc4+ 52.
Kc2 Rd2+ 53. Kc3 Ne5 54. Rb1 Rxh2 55. Rb6+ Kc7 56. Kd4 Ncd7 57. Re6 g3 0-1

[Event "9. Open Club Ajedrez Ciudad los Angeles"]
[Site "Madrid ESP"]
[Date "2015.04.26"]
[Round "4.11"]
[White "Ruiz Castro, Manuel"]
[Black "Garcia-Mauriño Ayora, Gabriel"]
[Result "1-0"]
[WhiteElo "1729"]
[BlackElo "1554"]
[PlyCount "125"]
[EventDate "2015.03.29"]
[EventType "swiss"]
[EventRounds "9"]
[EventCountry "ESP"]
[Source "lmi"]
[SourceDate "2015.03.29"]

1. e4 c5 2. Nf3 d6 3. c3 Bg4 4. Be2 Bxf3 5. Bxf3 Nc6 6. d3 Nf6 7. h3 h6 8. Be3
e5 9. Nd2 b5 10. Nb3 a6 11. O-O Be7 12. Be2 O-O 13. f4 Nd7 14. Nd2 Qc7 15. Nf3
f6 16. Nh2 Nb6 17. Bg4 d5 18. Bf5 dxe4 19. dxe4 Bd6 20. Qh5 Ne7 21. Be6+ Kh8
22. f5 Ng8 23. Ng4 Rfd8 24. Rad1 Bf8 25. b3 Qe7 26. Kf2 Rab8 27. Ke2 Na8 28.
Qg6 Qe8 29. Qxe8 Rxe8 30. Rd7 Re7 31. Rfd1 Nb6 32. Rd8 Re8 33. Rxe8 Rxe8 34. b4
Na4 35. Bd2 c4 36. Be1 Nb2 37. Rd7 Nd3 38. Ra7 Nf4+ 39. Kf3 Nxe6 40. fxe6 Rxe6
41. Ne3 Bd6 42. Rxa6 f5 43. Nxf5 Rf6 44. Rxd6 Rf7 45. Ke3 Nf6 46. Bg3 Nd7 47.
Rd5 Kh7 48. Rxb5 g6 49. Nd6 Rf6 50. Nxc4 Rc6 51. Kd3 Nf6 52. Nxe5 Rd6+ 53. Ke3
g5 54. Rb7+ Kg8 55. Ng4 Re6 56. Nxf6+ Rxf6 57. a4 g4 58. hxg4 h5 59. a5 h4 60.
Bf4 h3 61. gxh3 Kf8 62. g5 Ra6 63. Rb6 1-0

[Event "9. Open Club Ajedrez Ciudad los Angeles"]
[Site "Madrid ESP"]
[Date "2015.04.26"]
[Round "4.12"]
[White "Yeves Miquel, Enrique"]
[Black "Caño Nieto, Jose Luis"]
[Result "1-0"]
[WhiteElo "1715"]
[BlackElo "1545"]
[PlyCount "133"]
[EventDate "2015.03.29"]
[EventType "swiss"]
[EventRounds "9"]
[EventCountry "ESP"]
[Source "lmi"]
[SourceDate "2015.03.29"]

1. d4 d5 2. c4 dxc4 3. e3 e6 4. Bxc4 Nf6 5. Nf3 Be7 6. O-O O-O 7. Nc3 Nc6 8. a3
a6 9. b4 b5 10. Be2 Nd5 11. Qc2 Bb7 12. Ne4 f5 13. Nc5 Bxc5 14. Qxc5 Qd6 15.
Qc2 Nde7 16. Rd1 Ng6 17. Bb2 Nce7 18. Rac1 Qc6 19. Qb1 Qd6 20. Rc5 Be4 21. Qc1
Rac8 22. Nd2 Bd5 23. Bf3 Bxf3 24. Nxf3 f4 25. e4 Qd7 26. Qc3 h6 27. Rc1 c6 28.
d5 e5 29. dxc6 Qc7 30. Nxe5 Nxe5 31. Qxe5 Qxe5 32. Bxe5 Ng6 33. Bd6 Rfe8 34. e5
Nf8 35. f3 Ne6 36. R5c3 Nd4 37. Kf2 Kf7 38. c7 Ke6 39. Rd3 Nf5 40. Rc6 Ra8 41.
Rdc3 Kd7 42. R6c5 g6 43. e6+ Kc8 44. Bxf4 Rxe6 45. Rc6 Rxc6 46. Rxc6 g5 47. Be5
Kd7 48. Rb6 Ra7 49. Rb8 Rxc7 50. Bxc7 Kxc7 51. Ra8 Kb7 52. Rd8 Kc7 53. Rd3 Kc6
54. g4 Nd6 55. Kg3 Nc4 56. h4 Ne5 57. Rc3+ Nc4 58. hxg5 hxg5 59. f4 gxf4+ 60.
Kxf4 Kd5 61. Kf5 Nd6+ 62. Kg6 Nc4 63. g5 Ke6 64. Kg7 Kf5 65. g6 Ne5 66. Rc5 Ke6
67. Rxe5+ 1-0

[Event "9. Open Club Ajedrez Ciudad los Angeles"]
[Site "Madrid ESP"]
[Date "2015.04.26"]
[Round "4.15"]
[White "Savchuk, Olga"]
[Black "Martin Garcia, Francisco Javie"]
[Result "1-0"]
[WhiteElo "1614"]
[BlackElo "1576"]
[PlyCount "91"]
[EventDate "2015.03.29"]
[EventType "swiss"]
[EventRounds "9"]
[EventCountry "ESP"]
[Source "lmi"]
[SourceDate "2015.03.29"]

1. e4 c5 2. Nf3 d6 3. d4 cxd4 4. Nxd4 Nf6 5. Nc3 a6 6. Bg5 e6 7. f4 Be7 8. Qf3
Qc7 9. O-O-O Nbd7 10. f5 e5 11. Nb3 b5 12. a3 Rb8 13. Bxf6 Nxf6 14. g4 h6 15.
h4 Bb7 16. g5 hxg5 17. hxg5 Rxh1 18. Qxh1 Nd7 19. Qh8+ Bf8 20. Bg2 Nc5 21. Nxc5
Qxc5 22. g6 f6 23. Qg8 Qc7 24. Rh1 Qe7 25. Ne2 Rc8 26. Rh8 Rc4 27. Ng3 Rc8 28.
Nh5 Kd7 29. Rh7 Kc6 30. Nxg7 Bxg7 31. Qxg7 Qxg7 32. Rxg7 Rh8 33. Rf7 Rh2 34.
Bf3 Rf2 35. g7 Rf1+ 36. Kd2 Rg1 37. c3 a5 38. Bd1 Rg2+ 39. Ke3 Kb6 40. Bb3 a4
41. Be6 Rg4 42. Rd7 Bxe4 43. g8=Q Rxg8 44. Bxg8 Bxf5 45. Rxd6+ Kc5 46. Rxf6 1-0

[Event "9. Open Club Ajedrez Ciudad los Angeles"]
[Site "Madrid ESP"]
[Date "2015.05.10"]
[Round "5.1"]
[White "Largo Barbero, Benito"]
[Black "Rodriguez Dorado, Victor"]
[Result "1-0"]
[WhiteElo "1961"]
[BlackElo "2034"]
[PlyCount "93"]
[EventDate "2015.03.29"]
[EventType "swiss"]
[EventRounds "9"]
[EventCountry "ESP"]
[Source "lmi"]
[SourceDate "2015.03.29"]

1. d4 Nf6 2. Bg5 Ne4 3. Bh4 d5 4. f3 Nd6 5. Nd2 Nc6 6. c3 Bf5 7. Qb3 Qd7 8.
Qxd5 e6 9. Qb3 Na5 10. Qd1 c5 11. e4 Bg6 12. dxc5 Nb5 13. Qa4 Nxc3 14. Qxa5 Rc8
15. Qxc3 Rxc5 16. Qd3 Qc7 17. Nb3 Rc2 18. Qb5+ Rc6 19. Rd1 f6 20. Ne2 a6 21.
Qd3 Bb4+ 22. Nc3 O-O 23. Be2 Rd6 24. Qe3 Rxd1+ 25. Bxd1 Bd6 26. Nd4 Bf7 27. Bb3
Bc5 28. Nxe6 Bxe6 29. Bxe6+ Kh8 30. Qe2 Qe5 31. Bd5 Qh5 32. Bf2 Bd6 33. f4 Qh6
34. g3 Qh3 35. Kd2 b5 36. Qf3 b4 37. Ne2 Qd7 38. Rc1 Rd8 39. Nd4 b3 40. a3 Qh3
41. Ne6 Rb8 42. Qxb3 h5 43. Qc3 Qxh2 44. Ke2 Qh3 45. b4 Qg4+ 46. Qf3 Qg6 47.
Rh1 1-0

[Event "9. Open Club Ajedrez Ciudad los Angeles"]
[Site "Madrid ESP"]
[Date "2015.05.10"]
[Round "5.2"]
[White "Fernandez Bonilla, M. Arcangel"]
[Black "Aziz Ortego, Omar Luis"]
[Result "0-1"]
[WhiteElo "1802"]
[BlackElo "2089"]
[PlyCount "58"]
[EventDate "2015.03.29"]
[EventType "swiss"]
[EventRounds "9"]
[EventCountry "ESP"]
[Source "lmi"]
[SourceDate "2015.03.29"]

1. Nf3 d6 2. d4 Nd7 3. c4 e5 4. e4 g6 5. Nc3 Bg7 6. dxe5 Nxe5 7. Nxe5 Bxe5 8.
Be3 Ne7 9. f4 Bg7 10. Be2 f5 11. Qd2 fxe4 12. g4 Be6 13. O-O-O Qd7 14. h3 O-O-O
15. Nb5 a6 16. Nd4 Nc6 17. Rhe1 Rhf8 18. Nxe6 Qxe6 19. f5 gxf5 20. gxf5 Qe5 21.
Bf4 Qc5 22. Be3 Qb4 23. a3 Qb3 24. Bg5 Rde8 25. c5 Re5 26. Be3 Qa2 27. Qc2 Na5
28. Qb1 Qb3 29. Bd4 Bh6+ 0-1

[Event "9. Open Club Ajedrez Ciudad los Angeles"]
[Site "Madrid ESP"]
[Date "2015.05.10"]
[Round "5.3"]
[White "Garcia Martin, Javier"]
[Black "Lobato Rivero, Carlos"]
[Result "0-1"]
[WhiteElo "1701"]
[BlackElo "2030"]
[PlyCount "72"]
[EventDate "2015.03.29"]
[EventType "swiss"]
[EventRounds "9"]
[EventCountry "ESP"]
[Source "lmi"]
[SourceDate "2015.03.29"]

1. d4 Nf6 2. Nf3 g6 3. Bf4 Bg7 4. e3 d6 5. Be2 b6 6. Nbd2 Nbd7 7. h3 Bb7 8. c3
O-O 9. O-O h6 10. Qc2 Re8 11. Ne1 e5 12. dxe5 dxe5 13. Bg3 Nc5 14. Rd1 Qe7 15.
Nef3 Nfe4 16. Bh2 Nxd2 17. Nxd2 Rad8 18. b4 Nd7 19. Qa4 a6 20. Bf3 e4 21. Nxe4
b5 22. Qa5 Bxe4 23. Bxe4 Qxe4 24. Bxc7 Qa8 25. Bxd8 Qxd8 26. Qxa6 Qb6 27. Qa3
Ne5 28. Qb3 Ra8 29. Rd5 Nc4 30. Rfd1 Ra3 31. Rd8+ Kh7 32. Qb1 Bxc3 33. R8d7 Kg7
34. Qe4 Qf6 35. Qe8 Rxa2 36. Rd8 Qxf2+ 0-1

[Event "9. Open Club Ajedrez Ciudad los Angeles"]
[Site "Madrid ESP"]
[Date "2015.05.10"]
[Round "5.4"]
[White "Afana, Adham Jj"]
[Black "Lopez Ziegler, Carlos"]
[Result "1/2-1/2"]
[WhiteElo "2009"]
[BlackElo "1970"]
[PlyCount "117"]
[EventDate "2015.03.29"]
[EventType "swiss"]
[EventRounds "9"]
[EventCountry "ESP"]
[Source "lmi"]
[SourceDate "2015.03.29"]

1. e4 c5 2. c3 Nf6 3. e5 Nd5 4. d4 cxd4 5. cxd4 e6 6. Nc3 Nxc3 7. bxc3 d6 8.
exd6 Bxd6 9. Nf3 Qc7 10. Bd2 Nd7 11. Bd3 b6 12. O-O O-O 13. h3 Bb7 14. c4 Bf4
15. Be3 Nf6 16. Qd2 Bd6 17. Bg5 Ne4 18. Qe3 Nxg5 19. Qxg5 Bxf3 20. gxf3 Be7 21.
Qg4 Bf6 22. Rfd1 Rad8 23. Be2 Rd7 24. Rd2 Rfd8 25. Rad1 Qb7 26. Kh1 g6 27. Bf1
Bg7 28. Bg2 Qc7 29. d5 exd5 30. cxd5 Qc5 31. Qe4 Bh6 32. Rc2 Rxd5 33. Rxd5 Qxd5
34. Qxd5 Rxd5 35. Kg1 Bf4 36. Bf1 Rg5+ 37. Bg2 Rd5 38. Bf1 Kg7 39. Rc4 Bd6 40.
Ra4 a5 41. Re4 f5 42. Re2 b5 43. Rb2 b4 44. Bc4 Rd1+ 45. Kg2 a4 46. Bb5 a3 47.
Re2 Bc5 48. Bc4 Rb1 49. Bb3 Rb2 50. Rc2 Bd4 51. Kg3 g5 52. f4 Rxc2 53. Bxc2 Kf6
54. fxg5+ Kxg5 55. f3 Be5+ 56. Kg2 Kf4 57. Bb3 h5 58. Bc4 h4 59. Bb3 1/2-1/2

[Event "9. Open Club Ajedrez Ciudad los Angeles"]
[Site "Madrid ESP"]
[Date "2015.05.10"]
[Round "5.5"]
[White "Leniz Martinez, Francisco"]
[Black "Ruiz Castro, Manuel"]
[Result "1/2-1/2"]
[WhiteElo "1695"]
[BlackElo "1729"]
[PlyCount "68"]
[EventDate "2015.03.29"]
[EventType "swiss"]
[EventRounds "9"]
[EventCountry "ESP"]
[Source "lmi"]
[SourceDate "2015.03.29"]

1. e4 c5 2. Nf3 Nc6 3. Bb5 a6 4. Bxc6 bxc6 5. Nc3 d6 6. h3 Nf6 7. O-O g6 8. Re1
Bg7 9. e5 Nd5 10. exd6 Nxc3 11. dxe7 Nxd1 12. exd8=Q+ Kxd8 13. Rxd1 Be6 14. d4
c4 15. Bf4 Bd5 16. Nh2 Re8 17. Be3 Rb8 18. Rab1 Kd7 19. b3 Rb7 20. bxc4 Rxb1
21. Rxb1 Bxc4 22. a3 Ra8 23. Ng4 Ke6 24. c3 h5 25. Nh2 Bb5 26. Nf1 Bf8 27. Bc1
Bd6 28. Ne3 Bd3 29. Rb3 Rb8 30. Rxb8 Bxb8 31. f3 Bf4 32. Kf2 Bxe3+ 33. Kxe3 Bb1
34. c4 Kd6 1/2-1/2

[Event "9. Open Club Ajedrez Ciudad los Angeles"]
[Site "Madrid ESP"]
[Date "2015.05.10"]
[Round "5.6"]
[White "Pindado Campos, Raul"]
[Black "Melcon Diez, Enrique"]
[Result "1/2-1/2"]
[WhiteElo "1919"]
[BlackElo "1597"]
[PlyCount "75"]
[EventDate "2015.03.29"]
[EventType "swiss"]
[EventRounds "9"]
[EventCountry "ESP"]
[Source "lmi"]
[SourceDate "2015.03.29"]

1. d4 Nf6 2. Nf3 g6 3. c4 d5 4. Nc3 Bg7 5. cxd5 Nxd5 6. e4 Nxc3 7. bxc3 c5 8.
Bb5+ Bd7 9. Bxd7+ Qxd7 10. O-O Nc6 11. Be3 Rd8 12. d5 Ne5 13. Bxc5 b6 14. Nxe5
Bxe5 15. Bd4 Qd6 16. Qa4+ Rd7 17. Bxe5 Qxe5 18. Qd4 Qxd4 19. cxd4 Rc7 20. Rac1
Kd7 21. Rxc7+ Kxc7 22. f4 Rc8 23. Rc1+ Kd7 24. Rxc8 Kxc8 25. g4 Kd7 26. Kf2 Kd6
27. Ke3 b5 28. f5 g5 29. Kd3 a5 30. a3 f6 31. h3 h6 32. Kc3 Kc7 33. e5 Kd7 34.
Kd3 Kc7 35. d6+ exd6 36. exf6 Kd7 37. Ke4 Ke8 38. Kd5 1/2-1/2

[Event "9. Open Club Ajedrez Ciudad los Angeles"]
[Site "Madrid ESP"]
[Date "2015.05.10"]
[Round "5.7"]
[White "Cuellar Gutierrez, Raul"]
[Black "Ballesteros Jimenez, Miguel A"]
[Result "1-0"]
[WhiteElo "1781"]
[BlackElo "1592"]
[PlyCount "47"]
[EventDate "2015.03.29"]
[EventType "swiss"]
[EventRounds "9"]
[EventCountry "ESP"]
[Source "lmi"]
[SourceDate "2015.03.29"]

1. e4 d5 2. exd5 Qxd5 3. Nc3 Qd6 4. Nf3 Nf6 5. d4 a6 6. Be2 b5 7. a3 Bb7 8. O-O
e6 9. h3 Be7 10. Ne5 Nbd7 11. Bf4 Nxe5 12. Bxe5 Qb6 13. Qd3 O-O 14. Qg3 Bd6 15.
Rad1 Rad8 16. Bf3 Bxe5 17. dxe5 Nd5 18. Ne4 Rfe8 19. Nf6+ Nxf6 20. exf6 g6 21.
Bxb7 Qxb7 22. Qg5 Kh8 23. Qh6 Rg8 24. Rxd8 1-0

[Event "9. Open Club Ajedrez Ciudad los Angeles"]
[Site "Madrid ESP"]
[Date "2015.05.10"]
[Round "5.8"]
[White "Gines Martinez, Andres"]
[Black "Yeves Miquel, Enrique"]
[Result "0-1"]
[WhiteElo "1589"]
[BlackElo "1715"]
[PlyCount "58"]
[EventDate "2015.03.29"]
[EventType "swiss"]
[EventRounds "9"]
[EventCountry "ESP"]
[Source "lmi"]
[SourceDate "2015.03.29"]

1. Nf3 c5 2. e4 e6 3. d3 d5 4. Nbd2 Nc6 5. g3 Nf6 6. Bg2 Be7 7. O-O O-O 8. Re1
Qc7 9. h4 b6 10. c3 Ba6 11. Nf1 Rad8 12. Bf4 e5 13. exd5 exf4 14. dxc6 fxg3 15.
Nxg3 Bxd3 16. Qa4 Bd6 17. Re3 Bf4 18. Ree1 a6 19. Rad1 Bb5 20. Qa3 Rxd1 21.
Rxd1 Bxc6 22. c4 Bxg3 23. fxg3 Qxg3 24. Qe3 Ng4 25. Qe1 Qf4 26. Qe2 Re8 27. Qd3
h6 28. Re1 Rxe1+ 29. Nxe1 Qf2+ 0-1

[Event "9. Open Club Ajedrez Ciudad los Angeles"]
[Site "Madrid ESP"]
[Date "2015.05.10"]
[Round "5.9"]
[White "Huerto Moreno, Jorge"]
[Black "Andradas Encabo, Victor"]
[Result "1-0"]
[WhiteElo "1572"]
[BlackElo "1642"]
[PlyCount "75"]
[EventDate "2015.03.29"]
[EventType "swiss"]
[EventRounds "9"]
[EventCountry "ESP"]
[Source "lmi"]
[SourceDate "2015.03.29"]

1. d4 d5 2. c4 e5 3. dxe5 d4 4. Nf3 Nc6 5. Nbd2 Nge7 6. Nb3 Ng6 7. Nbxd4 Ngxe5
8. Nxe5 Nxe5 9. e3 Bc5 10. Be2 O-O 11. a3 Qh4 12. b4 Bxd4 13. Qxd4 Ng4 14. Bxg4
Bxg4 15. h3 f5 16. O-O Rad8 17. Qf4 Qf6 18. Rb1 Be2 19. Re1 Bd3 20. Bb2 Qf7 21.
Rbc1 Rfe8 22. f3 h6 23. h4 Rd7 24. Bd4 Bxc4 25. Bxa7 b5 26. a4 Ra8 27. axb5
Bxb5 28. Bd4 Ra4 29. Rc5 Rxb4 30. Rxf5 Qe6 31. Ra1 Kh7 32. Re5 Rf7 33. Rxe6
Rxf4 34. exf4 Rxd4 35. Re4 Rd2 36. h5 Rd7 37. Kh2 c5 38. Re5 1-0

[Event "9. Open Club Ajedrez Ciudad los Angeles"]
[Site "Madrid ESP"]
[Date "2015.05.10"]
[Round "5.11"]
[White "Gutierrez Soto, Sergio"]
[Black "Sainz Pino, Fernando"]
[Result "0-1"]
[WhiteElo "1546"]
[BlackElo "1925"]
[PlyCount "92"]
[EventDate "2015.03.29"]
[EventType "swiss"]
[EventRounds "9"]
[EventCountry "ESP"]
[Source "lmi"]
[SourceDate "2015.03.29"]

1. c4 Nf6 2. g3 g6 3. Bg2 Bg7 4. Nf3 O-O 5. O-O d5 6. cxd5 Nxd5 7. d3 Nc6 8. a3
e5 9. Nbd2 Re8 10. Re1 Nd4 11. Rb1 c6 12. Ne4 Nxf3+ 13. Bxf3 f5 14. Nd2 Be6 15.
Qc2 Bf7 16. Bg2 Nf6 17. b4 Bd5 18. Bb2 Qb6 19. Nc4 Bxc4 20. Qxc4+ Kh8 21. h3
Rad8 22. Rbd1 Rd7 23. Ba1 Qc7 24. Rc1 Qb8 25. a4 Red8 26. b5 cxb5 27. Qxb5 Ne8
28. Rc2 a6 29. Qb1 Nd6 30. Rec1 e4 31. Bxg7+ Rxg7 32. dxe4 Nxe4 33. Qb2 h6 34.
Rc7 Rdg8 35. Rxb7 Qxb7 36. Qd4 Qa7 37. e3 Qxd4 38. exd4 Rd8 39. f3 Nxg3 40. Rc6
Rxd4 41. Rxa6 f4 42. a5 Re7 43. Rxg6 Rd1+ 44. Kh2 Re2 45. Rxg3 fxg3+ 46. Kxg3
Ra2 0-1

[Event "9. Open Club Ajedrez Ciudad los Angeles"]
[Site "Madrid ESP"]
[Date "2015.05.10"]
[Round "5.12"]
[White "Martinez De Navascues, Francis"]
[Black "Garcia Chica, Eva Maria"]
[Result "1-0"]
[WhiteElo "1776"]
[BlackElo "1398"]
[PlyCount "43"]
[EventDate "2015.03.29"]
[EventType "swiss"]
[EventRounds "9"]
[EventCountry "ESP"]
[Source "lmi"]
[SourceDate "2015.03.29"]

1. e4 g6 2. d4 Bg7 3. Nf3 c6 4. Bd3 d5 5. e5 Bg4 6. Nbd2 f6 7. h3 Be6 8. O-O
Nh6 9. Re1 Bf5 10. exf6 Bxf6 11. Nb3 Bg7 12. Bxf5 Nxf5 13. Nc5 Qb6 14. g4 Nxd4
15. Nxd4 Qxc5 16. Ne6 Qb6 17. Nxg7+ Kd7 18. Qe2 Qc5 19. Qe6+ Kd8 20. Qe5 Kd7
21. Ne6 Qb6 22. Be3 1-0

[Event "9. Open Club Ajedrez Ciudad los Angeles"]
[Site "Madrid ESP"]
[Date "2015.05.10"]
[Round "5.15"]
[White "Santacruz Sanchez, Jose Luis"]
[Black "Canseco Arenas, Alfonso"]
[Result "0-1"]
[WhiteElo "1196"]
[BlackElo "1752"]
[PlyCount "78"]
[EventDate "2015.03.29"]
[EventType "swiss"]
[EventRounds "9"]
[EventCountry "ESP"]
[Source "lmi"]
[SourceDate "2015.03.29"]

1. e4 c5 2. c3 d6 3. d4 cxd4 4. cxd4 Nf6 5. Nc3 e6 6. Nf3 Be7 7. Bd3 O-O 8. O-O
Nc6 9. Bg5 d5 10. e5 Ne8 11. Bxe7 Qxe7 12. Re1 g6 13. a3 a6 14. Qd2 Kg7 15. b4
Bd7 16. Rac1 Nc7 17. Qf4 Rfc8 18. Na4 Nxb4 19. axb4 Bxa4 20. Re3 Bb5 21. Bb1
Ne8 22. Rec3 Rxc3 23. Rxc3 Qxb4 24. Qc1 Qe7 25. h3 Bc4 26. Nd2 b5 27. Nxc4 bxc4
28. Ba2 Rb8 29. Ra3 Qb7 30. Kh2 Qb6 31. Bxc4 dxc4 32. Qxc4 Rd8 33. Rxa6 Qxd4
34. Qxd4 Rxd4 35. Ra8 Nc7 36. Rc8 Nd5 37. g3 Rd2 38. Kg2 Re2 39. Rc4 Ne3+ 0-1

[Event "9. Open Club Ajedrez Ciudad los Angeles"]
[Site "Madrid ESP"]
[Date "2015.05.10"]
[Round "5.17"]
[White "Caño Nieto, Jose Luis"]
[Black "Ortiz Alonso, Carlos"]
[Result "1-0"]
[WhiteElo "1545"]
[BlackElo "1359"]
[PlyCount "117"]
[EventDate "2015.03.29"]
[EventType "swiss"]
[EventRounds "9"]
[EventCountry "ESP"]
[Source "lmi"]
[SourceDate "2015.03.29"]

1. d4 Nf6 2. Nf3 g6 3. Bf4 Bg7 4. e3 d6 5. c3 O-O 6. Be2 Nh5 7. Bg5 h6 8. Bh4
Nd7 9. Nfd2 Nhf6 10. O-O c5 11. Nf3 b6 12. Nbd2 Bb7 13. h3 g5 14. Bg3 Nh5 15.
Bh2 Rc8 16. Nxg5 Nhf6 17. Ngf3 Nh7 18. Rc1 e5 19. dxe5 Nxe5 20. Nxe5 dxe5 21.
Bf3 Ba6 22. Re1 Ng5 23. a3 Qe7 24. Qa4 Nxf3+ 25. Nxf3 Bd3 26. e4 Rfe8 27. c4
Qb7 28. Nd2 Rcd8 29. Re3 b5 30. Qb3 Qd7 31. cxb5 Bxb5 32. Nf3 Ba4 33. Qc3 Qb5
34. Bxe5 Bxe5 35. Nxe5 Qb8 36. Rg3+ Kf8 37. Qxc5+ Re7 38. Nc6 Bxc6 39. Qxc6 Re6
40. Qc5+ Re7 41. b4 Rdd7 42. Qc8+ Qxc8 43. Rxc8+ Re8 44. Rxe8+ Kxe8 45. Rg8+
Ke7 46. Rh8 Rd6 47. Ra8 a6 48. f3 Ke6 49. Kf2 f5 50. exf5+ Kxf5 51. Rf8+ Ke5
52. a4 Kd4 53. Rb8 Kc4 54. b5 axb5 55. axb5 Rd2+ 56. Kg3 Kc5 57. b6 Kc6 58. b7
Kc7 59. Rh8 1-0